Reglamento formado por la Comisión Mexicana de la Exposición Nacional y de la Internacional de Filadelfia /

محفوظ في:
التفاصيل البيبلوغرافية
التنسيق: كتاب
اللغة:الإسبانية
الموضوعات:
الوسوم: إضافة وسم
لا توجد وسوم, كن أول من يضع وسما على هذه التسجيلة!

MARC

LEADER 00000nam^a2200000^a^4500
001 000125122
005 20250526000000.0
009 20260310094639.434
037 |a Acervo ITESO - Biblioteca 
041 |a ESP 
082 |a 708. 15  |b REG 
245 0 0 |a Reglamento formado por la Comisión Mexicana de la Exposición Nacional y de la Internacional de Filadelfia / 
264 |a Toluca, México :  |b Instituto Literario,  |c 1875 
300 |a 38 p. ;  |c 20.5 cm. 
649 |a XX 
650 |a Museos y Galerías -  |z México -  |x Aspectos Jurídicos 
650 |a Museos y Galerías -  |z México -  |x Colecciones 
650 |a Museos y Galerías -  |z EUA -  |x Aspectos Jurídicos 
650 |a Museos y Galerías -  |z EUA -  |x Colecciones 
910 |a Fondo Salvador Reynoso Reynoso 
920 |a Impresos - Libros 
930 |a Libros Antiguos y Raros 
905 |a 108 
901 |a 0800008047  |b IT2  |c LRA  |u 20250526 
902 |a https://opac.biblio.iteso.mx/vufind/Record/000125122